书目信息 |
| 题名: |
不存在的女儿
|
|
| 作者: | 爱德华兹 著 ;施清真 译 | |
| 分册: | ||
| 出版信息: | 成都 四川文艺出版社 2019.07 |
|
| 页数: | 364页 | |
| 开本: | 21cm | |
| 丛书名: | ||
| 单 册: | ||
| 中图分类: | I712.45 | |
| 科图分类: | ||
| 主题词: | 长篇小说--chang pian xiao shuo--美国--现代 | |
| 电子资源: | ||
| ISBN: | 978-7-5411-5428-7 | |
| 000 | 01051nam0 2200265 450 | |
| 001 | 202019137715 | |
| 005 | 20191026133321.0 | |
| 010 | @a978-7-5411-5428-7@dCNY48.00 | |
| 100 | @a20191023d2019 em y0chiy50 ea | |
| 101 | 1 | @achi@ceng |
| 102 | @aCN@b510000 | |
| 105 | @ay z 000ay | |
| 106 | @ar | |
| 200 | 1 | @a不存在的女儿@Abu cun zai de nv er@d= The memory keeper's daughter@f(美) 金·爱德华兹著@g施清真译@zeng |
| 210 | @a成都@c四川文艺出版社@d2019.07 | |
| 215 | @a364页@d21cm | |
| 314 | @a金·爱德华兹, 作家。 | |
| 330 | @a20多年前的一个大风雪夜, 医生戴维终于迎来期待已久的孩子 —— 一对双胞胎。男孩健康强壮, 而女孩却患有先天性唐氏症, 终生无法治愈。为了保护妻子, 亦为了摆脱未来可以预见的痛苦, 戴维让护士将女孩送走, 谎称女孩已经夭折…… | |
| 500 | 10 | @aMemory keeper's daughter@mChinese |
| 606 | 0 | @a长篇小说@Achang pian xiao shuo@y美国@z现代 |
| 690 | @aI712.45@v5 | |
| 701 | 1 | @a爱德华兹@Aai de hua zi@g(Edwards, Kim)@4著 |
| 702 | 0 | @a施清真@Ashi qing zhen@4译 |
| 801 | 0 | @aCN@c20190905 |
| 905 | @a河南城建学院图书馆@dI712.45@eA446 | |
| 不存在的女儿= The memory keeper's daughter/(美) 金·爱德华兹著/施清真译.-成都:四川文艺出版社,2019.07 |
| 364页;21cm |
| ISBN 978-7-5411-5428-7:CNY48.00 |
| 20多年前的一个大风雪夜, 医生戴维终于迎来期待已久的孩子 —— 一对双胞胎。男孩健康强壮, 而女孩却患有先天性唐氏症, 终生无法治愈。为了保护妻子, 亦为了摆脱未来可以预见的痛苦, 戴维让护士将女孩送走, 谎称女孩已经夭折…… |
| ● |
| 相关链接 |
|
|
|
正题名:不存在的女儿
索取号:I712.45/A446
 
预约/预借
| 序号 | 登录号 | 条形码 | 馆藏地/架位号 | 状态 | 备注 |
| 1 | 1446588 | 214465880 | 文学库116/116文学库 26排2列3层/ [索取号:I712.45/A446] | 在馆 | |
| 2 | 1446589 | 214465899 | 文学库116/116文学库 26排2列3层/ [索取号:I712.45/A446] | 在馆 |